Collaborative True/False Quiz Stats

 Plays Quiz not verified by Sporcle

Also try: Awards by Trophies
Challenge
Share
Tweet
Embed
Score 0/15 Timer 02:00
0 Plays Today
Statement Enter 'T' or 'F' % Correct
The NHL is the only Big 4 league that doesn't have a team in Atlanta.???
100%
Excluding premium squares and bingos, the word Sporcle is worth 11 points in Scrabble.???
98.1%
The Griffins live in Quahog, RI.???
73.1%
The hyroid bone is the only bone in the human body that doesn't articulate with any other bone.???
71.2%
Humphrey Bogart won a best actor Oscar for Casablanca.???
71.2%
The name Sporcle is inspired by the word 'oracle.'???
69.2%
The king of hearts card is the only king without a mustache.???
67.3%
Guernsey is larger than San Marino.???
63.5%
Statement Enter 'T' or 'F' % Correct
Drew Brees is the only NFL QB to throw 5000 yds + in 1 regular season.???
59.6%
No Welsh football team has played in the Premier League.???
55.8%
There are 11 Mario Party games.???
55.8%
Every episode of Friends starts with 'The One...'.???
51.9%
Anakin Skywalker was never on the Jedi counsel.???
50%
Indian Elephants are endangered.???
48.1%
Any 3x3 Rubik's cube has an optimal solution at maximum 25 moves.???
38.5%

You're not logged in!

Compare scores with friends on all Sporcle quizzes.
Join for Free
OR
Log In

You Might Also Like...

Show Comments

Extras

Top Quizzes Today


Score Distribution

Your Account Isn't Verified!

In order to create a playlist on Sporcle, you need to verify the email address you used during registration. Go to your Sporcle Settings to finish the process.

Report this User

Report this user for behavior that violates our Community Guidelines.

Details: